000 00255nam a22001217a 4500
008 171124b xxu||||| |||| 00| 0 eng d
041 _aeng
080 _a316
100 _a50
101 _aSOC
245 _aRAISING CAIN
_cKINDLON.D
942 _2udc
_cBK
999 _c38519
_d38519